00313nam a2200133Ia 4500008004100000020001500041041001200056082001600068100001400084245003400098260002500132300000800157650001400165221030s9999 xx 000 0 und d a0074631217 aEnglish a105.23bFai aR. Fairly 0aSoftware Engineering Concepts bTMHaNew Delhic2003 a364 aComputers